| 000 | 00507cam a22001457a 4500 | ||
|---|---|---|---|
| 008 | 180718b1960 xxu||||| |||| 00| 0 eng d | ||
| 082 | _aI5603x54 In2c | ||
| 100 | _aIndia. Committee on Archival Legislation | ||
| 245 |
_aReport of the Committee on Archival Legislation, December 1960 _cby National Archives of India |
||
| 260 |
_aNew Delhi _bNational Archives of India _c1960 |
||
| 300 | _a143+p. | ||
| 500 | _aChairman: Tara Chand | ||
| 700 | _aNational Archives of India | ||
| 700 | _aTara Chand (Chairman) | ||
| 999 |
_c489553 _d489553 |
||